00456nam a2200145 a 4500008004100000245008700041260004000128300002600168500003900194650002800233700002200261003000100283005001700284040000900301 10aProceedings of the second conference on information systems. /cCatherine A, Rose. aCambridge :bMassachusetts, c1981. aix, 418 p. :c 28 cm. aIncludes bibliographic references. 1aInformation technology. aRoss Catherine,A.20230123134502.0 cNUST